Guess the 1970s song lyrics #214 - Statistics

General Stats
  • This quiz has been taken 15 times
  • The average score is 147 of 302
Answer Stats
Answer % Correct
I
92%
and
83%
And
83%
the
83%
to
83%
you
83%
go
75%
is
75%
of
75%
your
75%
at
67%
don't
67%
for
67%
from
67%
in
67%
love
67%
my
67%
night
67%
on
67%
that
67%
all
58%
are
58%
have
58%
hear
58%
like
58%
there
58%
Where
58%
day
50%
Hold
50%
It's
50%
it's
50%
me
50%
middle
50%
Oh
50%
say
50%
we
50%
won't
50%
always
42%
Aw
42%
Come
42%
just
42%
Let
42%
now
42%
out
42%
see
42%
want
42%
after
33%
alright
33%
care
33%
down
33%
everything's
33%
light
33%
Meet
33%
meet
33%
okay
33%
Okay
33%
right
33%
said
33%
something
33%
there's
33%
We'll
33%
will
33%
yeah
33%
ask
25%
been
25%
before
25%
Hey
25%
hey
25%
lost
25%
run
25%
someone
25%
sun
25%
That's
25%
time
25%
While
25%
back
17%
fade
17%
fall
17%
mind
17%
moon
17%
more
17%
perfume
17%
room
17%
smell
17%
stars
17%
tears
17%
yes
17%
Behind
8%
behind
8%
beneath
8%
Beyond
8%
Bring
8%
chandelier
8%
complicated
8%
free
8%
further
8%
gods
8%
king
8%
kisses
8%
loving's
8%
magazines
8%
masquerade
8%
much
8%
must
8%
news
8%
queen
8%
rise
8%
scenes
8%
shining
8%
Shreds
8%
smiling
8%
Sneak
8%
southern
8%
speak
8%
talk
8%
thoughts
8%
tight
8%
waste
8%
weather
8%
years
8%
No matching quizzes found
Score Distribution
Percent of People with Each Score
Percentile by Number Answered
Your Score History
You have not taken this quiz